000
00297nam a22001097a 4500
008
170106b xxu||||| |||| 00| 0 eng d
020
_a
0397544588
041
_a
eng
080
_a
618.2
245
_a
ESSETIALS OF NURSING RESEARCH METHODS AND APPLICATIONS
_c
POLIT, D.F & HUNGLER, B.P
942
_2
udc
_c
BK
999
_c
2605
_d
2605